1839 1448 1395 1253 1225 1835 1553 1449 1417 1749 1038 1216 1685 1859 1623 1611 1541 1631 1342 1414 1333 1891 1008 1227 1755 1920 1557 1351 1532 1957 1039 1616 1626 1516 1130 1536 1179 1350 1767 1613 1555 1314 1669 1354 1875 1356 1878 1494 1218 1471 1941 1813 1433 1306 1742 1721 1451 1408 1700 1321 1072 1489 1649 1452 1994 1215 1930 1052 1191 1562 1277 1229 1316 1850 1399 1591 1848 1420 1062 1363 1796 1989 1607 1086 1400 1732 1930 1406 1598 1263 1427 1467 1934 1772 1760 1051 1713 1280 1081 BCNSPRNW ULIB Ver.6.0+V

เปลี่ยนเป็นภาษาไทย

Change to English
 แสดงรายละเอียดบรรณานุกรม
  กลับหน้าหลัก

Brief Record : Get Marc (ISO 2709) : E-mail record : QR code < ปิดหน้าต่าง
LEADER : 00000nam 2200000uu 4500
001    13399120402
003     ULIB
008    120919s2548||||th 000 0 tha d
020    ^a9749712633
020    ^a9789749712634
060 04 ^aWX153^bอ911ค 2548
100 0  ^aเอมอัชฌา (รัตน์ริมจง) วัฒนบุรานนท์
245 10 ^aความปลอดภัย =^bSafety /^cเอมอัชฌา (รัตน์ริมจง)วัฒนบุรานนท์
250    ^aพิมพ์ครั้งที่ 2
260    ^aกรุงเทพฯ :^bคณะคุรุศาสตร์ จุฬาลงกรณ์มหาวิทยาลัย,^c2548
300    ^a287 หน้า :^bภาพประกอบ ;^c24 ซม.
650  7 ^aความปลอดภัยในท้องถนน
650  7 ^aความปลอดภันในโรงงานอุตสาหกรรม
650  7 ^aภัยธรรมชาติ
650  7 ^aอุบัติเหตุ, การป้องกัน
710 2  ^aจุฬาลงกรณ์มหาวิทยาลัย. ^bคณะคุรุศาสตร์
945    ^p190^l0^i24035
995    ^a กัณชพร
999 ^a ใช้งานได้ทุกระบบ
รายการนี้ยังไม่มีแท็ก
คุณยังไม่ได้ล็อกอิน คุณสามารถมีกิจกรรมร่วมกับเว็บไซต์ได้ แต่ต้องล็อกอินก่อน ::
  ล็อกอิน

รายการสื่อสารสนเทศ

ลำดับที่ ประเภท เลขเรียก/บาร์โค้ด สถานที่ สถานะ
1. วิทยาศาสตร์การแพทย์ และสุขภาพ
วิทยาศาสตร์การแพทย์ และสุขภาพ
WX153 อ911ค 2548  
  Barcode: 24035
ห้องสมุดวิทยาเขตสวรรค์ประชารักษ์
►ส่วนจัดเก็บหนังสือเก่า สปร
บนชั้น
  ขอยืม

รายการใกล้เคียง
    ผู้แต่ง [เอมอัชฌา (รัตน์ริมจง) วัฒนบุรานนท์]

    หัวเรื่อง [ความปลอดภัยในท้องถนน]
    หัวเรื่อง [ภัยธรรมชาติ]
    หัวเรื่อง [อุบัติเหตุ, การป้องกัน]

BibComment


ยังไม่เคยถูกคอมเมนท์

คอมเมนท์ทรัพยากรรายการนี้
  คอมเมนท์: ความปลอดภัย Saf..


 Copyright 2026. Bcnsprnw @Library